| 000 | 00939cam a2200277 a 4500 | ||
|---|---|---|---|
| 001 | 34058 | ||
| 003 | BD-RjUL | ||
| 005 | 20211209052111.0 | ||
| 008 | 140512s1981 bg b 001 0 eng | ||
| 035 | _a(BD-RjUL)34152 | ||
| 035 | _a(NNC)256972 | ||
| 040 |
_dBD-RjUL _aCStRLIN _beng _cCStRLIN |
||
| 041 | _aeng | ||
| 082 | 0 |
_a363.96095492 _219 _bMIM 1981 |
|
| 090 |
_aHQ766.5.B3 _bM58 1981 |
||
| 100 | 1 |
_aMiyan, Mohammad Alimullah. _9103513 |
|
| 245 | 1 | 0 |
_aMarketing of social products : _bfamily planning in Bangladesh / _cM. Alimullah Miyan. |
| 260 |
_aDacca : _bCentre for Population Management and Research, Institute of Business Administration, Dacca University, _c1981. |
||
| 300 |
_axvii, 225 p. ; _c24 cm. |
||
| 504 | _aBibliography: p. 198-211. | ||
| 504 | _aIncludes index. | ||
| 650 | 0 |
_aBirth control _xGovernment policy _zBangladesh. _9103515 |
|
| 942 |
_2ddc _cBK |
||
| 999 |
_c34058 _d34058 |
||